000 00319nam a22001457a 4500
008 230907b ||||| |||| 00| 0 eng d
020 _a003715741
041 _aeng
080 _a316
082 _a316DRE
100 _a24
101 _aSOCGJ
245 _aSTRENGTHENING ACADEMIC SCIENCE
_cDREW.E.D
942 _2udc
_cBK
999 _c60273
_d60273